[Event "Preinscritos IRT Online"]
[White "Jaramillo Rivadeneira, Kerly Samantha"]
[Black "Fernandez Reyes, Lisandro"]
[Site "Chess.com INT"]
[Round "5"]
[Result "1/2-1/2"]
[Date "2020.12.26"]
[WhiteElo "2003"]
[BlackElo "2413"]
[PlyCount "161"]
[EventDate "2020.12.26"]
[EventType "swiss"]
[EventRounds "11"]
[EventCountry "ECU"]
[SourceTitle "CBM 200 Extra"]
[Source "ChessBase"]
[SourceDate "2021.03.31"]
[SourceVersion "1"]
[SourceVersionDate "2021.03.31"]
[SourceQuality "1"]

1. d4 Nf6 2. c4 d6 3. Nc3 Nbd7 4. e4 e5 5. d5 a5 6. Bd3 Be7 7. Nge2 Nc5 8. Bc2 Nh5 9. 0-0 Bg5 10. f4 Nxf4 11. Nxf4 exf4 12. Bxf4 Bxf4 13. Rxf4 Qg5 14. Qf1 0-0 15. Re1 Bd7 16. Qf2 Rae8 17. Qh4 Qxh4 18. Rxh4 Re5 19. Rf4 Rfe8 20. Ref1 f6 21. h3 R8e7 22. g4 Be8 23. Kh2 h5 24. gxh5 Bxh5 25. Rg1 Kf7 26. Rh4 g6 27. Rf4 Kg7 28. Rgf1 Rf7 29. a3 g5 30. R4f2 Bg6 31. Re2 Rfe7 32. Ref2 Rf7 33. Re2 Re8 34. b4 axb4 35. axb4 Nd7 36. Nb5 Ne5 37. c5 dxc5 38. bxc5 Rh8 39. Nd4 g4 40. Ne6+ Kg8 41. Re3 Rfh7 42. Rxf6 Rxh3+ 43. Rxh3 Rxh3+ 44. Kg2 Rc3 45. Bb1 Rc1 46. Bd3 Rd1 47. Be2 Rd2 48. Kf1 Bxe4 49. Rf8+ Kh7 50. Bxg4 Bxd5 51. Bf5+ Ng6 52. Ng5+ Kg7 53. Rc8 Nh4 54. Rxc7+ Kf6 55. Ne4+ Bxe4 56. Bxe4 Nf5 57. Bxf5 Kxf5 58. Rxb7 Rc2 59. Rb5 Ke4 60. Ke1 Ke3 61. Kd1 Rc4 62. Rb3+ Kd4 63. Rb5 Kc3 64. Kc1 Rh4 65. Kd1 Kd3 66. Ke1 Kc4 67. Ra5 Kb4 68. Ra8 Kxc5 69. Rc8+ Kd4 70. Rd8+ Ke5 71. Re8+ Kf4 72. Rf8+ Ke3 73. Re8+ Kf3 74. Rf8+ Kg2 75. Rg8+ Kh2 76. Kf2 Kh3 77. Kf3 Rh7 78. Rg3+ Kh4 79. Rg1 Rf7+ 80. Ke4 Rf8 81. Ke5 1/2-1/2

[Event "ECU-ch (Women)"]
[White "Jaramillo Rivadeneira, Kerly Samantha"]
[Black "Pincay Coloma, Renata Alejandra"]
[Site "Banos de Agua Santa"]
[Round "5"]
[Result "1-0"]
[Date "2020.03.12"]
[WhiteElo "1739"]
[BlackElo "1544"]
[PlyCount "50"]
[EventDate "2020.03.10"]
[EventType "swiss"]
[EventRounds "9"]
[EventCountry "ECU"]
[SourceTitle "CBM 195 Extra"]
[Source "ChessBase"]
[SourceDate "2020.05.31"]
[SourceVersion "1"]
[SourceVersionDate "2020.05.31"]
[SourceQuality "1"]

1. d4 Nf6 2. Bg5 Ne4 3. h4 c5 4. dxc5 Qa5+ 5. Nd2 Nxg5 6. hxg5 Qxc5 7. Ngf3 Nc6 8. c3 d6 9. Qc2 g6 10. e3 Bg7 11. Bd3 0-0 12. Nb3 Qb6 13. 0-0-0 Bg4 14. Rh4 Bxf3 15. gxf3 Ne5 16. Be2 Rac8 17. Rdh1 Rc7 18. Rxh7 d5 19. Qd1 e6 20. Qg1 Rfc8 21. Qh2 Kf8 22. Rxg7 Rxc3+ 23. bxc3 Rxc3+ 24. Kb2 Qc7 25. Qh8+ Ke7 1-0

[Event "ECU-ch (Women)"]
[White "Nunez Giler, Fanny Cecilia"]
[Black "Jaramillo Rivadeneira, Kerly Samantha"]
[Site "Banos de Agua Santa"]
[Round "4"]
[Result "1/2-1/2"]
[Date "2020.03.12"]
[WhiteElo "1734"]
[BlackElo "1739"]
[PlyCount "38"]
[EventDate "2020.03.10"]
[EventType "swiss"]
[EventRounds "9"]
[EventCountry "ECU"]
[SourceTitle "CBM 195 Extra"]
[Source "ChessBase"]
[SourceDate "2020.05.31"]
[SourceVersion "1"]
[SourceVersionDate "2020.05.31"]
[SourceQuality "1"]

1. e4 c5 2. Nf3 d6 3. d4 cxd4 4. Qxd4 e5 5. Bb5+ Bd7 6. Qd3 Nf6 7. Nc3 a6 8. Bc4 Nc6 9. Ng5 Nb4 10. Qd2 d5 11. exd5 Bf5 12. Bb3 h6 13. Nf3 a5 14. 0-0 Bd6 15. Re1 0-0 16. a3 Na6 17. Nxe5 Qb8 18. Qd4 Re8 19. Bf4 Nh5 1/2-1/2

[Event "Guayaquil zt 2.4 (Women)"]
[White "Penafiel Mendoza, Josselyne Stefania"]
[Black "Jaramillo Rivadeneira, Kerly Samantha"]
[Site "Guayaquil"]
[Round "8"]
[Result "0-1"]
[Date "2019.04.13"]
[WhiteElo "1778"]
[BlackElo "1738"]
[PlyCount "58"]
[EventDate "2019.04.09"]
[EventType "tourn"]
[EventRounds "9"]
[EventCountry "ECU"]
[SourceTitle "CBM 189 Extra"]
[Source "ChessBase"]
[SourceDate "2019.05.31"]
[SourceVersion "1"]
[SourceVersionDate "2019.05.31"]
[SourceQuality "1"]

1. d4 c5 2. d5 d6 3. e4 g6 4. Nc3 Bg7 5. g3 Nf6 6. Bg2 0-0 7. Nf3 a6 8. a4 e6 9. 0-0 exd5 10. exd5 Bg4 11. Bf4 Nh5 12. Be3 Re8 13. h3 Bxf3 14. Bxf3 Nxg3 15. fxg3 Rxe3 16. Qd2 Re8 17. Kg2 Nd7 18. Qf4 Ne5 19. Be2 f5 20. Rae1 Qd7 21. h4 Re7 22. h5 Rae8 23. hxg6 Nxg6 24. Qd2 f4 25. Bh5 fxg3 26. Bxg6 hxg6 27. Rxe7 Qxe7 28. Kxg3 Be5+ 29. Kg2 Qh4 0-1

[Event "Guayaquil zt 2.4 (Women)"]
[White "Jaramillo Rivadeneira, Kerly Samantha"]
[Black "Ortiz Verdesoto, Anahi Eduarda"]
[Site "Guayaquil"]
[Round "5"]
[Result "0-1"]
[Date "2019.04.11"]
[WhiteElo "1738"]
[BlackElo "2076"]
[PlyCount "82"]
[EventDate "2019.04.09"]
[EventType "tourn"]
[EventRounds "9"]
[EventCountry "ECU"]
[SourceTitle "CBM 189 Extra"]
[Source "ChessBase"]
[SourceDate "2019.05.31"]
[SourceVersion "1"]
[SourceVersionDate "2019.05.31"]
[SourceQuality "1"]

1. d4 Nf6 2. c4 e6 3. Nf3 Bb4+ 4. Bd2 c5 5. g3 b6 6. Bg2 Bb7 7. Bxb4 cxb4 8. d5 Qc7 9. dxe6 fxe6 10. Nbd2 0-0 11. 0-0 Nc6 12. Rc1 Rae8 13. Ng5 Qe5 14. Nde4 Nxe4 15. Nxe4 d5 16. cxd5 exd5 17. f4 Qd4+ 18. Nf2 Rd8 19. Rc2 Qe3 20. Qd2 Qe6 21. Rfc1 a5 22. Qd3 Rfe8 23. Bh3 Qd6 24. Bg2 b3 25. Rd2 Nb4 26. Qxb3 Kh8 27. Rcd1 Qc5 28. a3 Na6 29. Qc2 Qb5 30. Ne4 h6 31. Nf2 a4 32. Nd3 Rc8 33. Qb1 Nc5 34. Ne5 Ne4 35. Bxe4 dxe4 36. e3 Qc5 37. Kf2 Rxe5 38. fxe5 Rf8+ 39. Kg2 Qxe3 40. Rd8 Qf3+ 41. Kh3 Qf5+ 0-1

[Event "Pan American-ch U20 Girls"]
[White "Pacheco Jimenez, Yesenia Camila"]
[Black "Jaramillo Rivadeneira, Kerly Samantha"]
[Site "Guayaquil"]
[Round "8"]
[Result "1-0"]
[Date "2018.06.23"]
[WhiteElo "1576"]
[BlackElo "1699"]
[PlyCount "65"]
[EventDate "2018.06.19"]
[EventType "swiss"]
[EventRounds "9"]
[EventCountry "ECU"]
[SourceTitle "EXT 2019"]
[Source "ChessBase"]
[SourceDate "2018.10.10"]
[SourceVersion "1"]
[SourceVersionDate "2018.10.10"]
[SourceQuality "1"]

1. d4 Nf6 2. Nf3 g6 3. g3 Bg7 4. Bg2 0-0 5. 0-0 d6 6. c4 Nbd7 7. Nc3 c5 8. e3 a6 9. b3 Rb8 10. Bb2 b5 11. dxc5 dxc5 12. cxb5 axb5 13. Qd2 Bb7 14. Rfd1 Qb6 15. Qc2 Bc6 16. Rd2 Qb7 17. Nh4 Bxg2 18. Nxg2 Ne5 19. Ne1 Nf3+ 20. Nxf3 Qxf3 21. Qd1 Qf5 22. Rb1 e6 23. Kg2 h5 24. Qc2 Qg4 25. h3 Qg5 26. Ne4 Nxe4 27. Qxe4 Bxb2 28. Rbxb2 Rfd8 29. Qc6 Qe5 30. Rbc2 Rdc8 31. Qf3 c4 32. Rd7 Rc7 33. Qxf7+ 1-0

[Event "Pan American-ch U20 Girls"]
[White "Jaramillo Rivadeneira, Kerly Samantha"]
[Black "Matu Carballo, Magdalena"]
[Site "Guayaquil"]
[Round "6"]
[Result "1/2-1/2"]
[Date "2018.06.22"]
[WhiteElo "1699"]
[BlackElo "1858"]
[PlyCount "121"]
[EventDate "2018.06.19"]
[EventType "swiss"]
[EventRounds "9"]
[EventCountry "ECU"]
[SourceTitle "EXT 2019"]
[Source "ChessBase"]
[SourceDate "2018.10.10"]
[SourceVersion "1"]
[SourceVersionDate "2018.10.10"]
[SourceQuality "1"]

1. d4 d5 2. Nf3 Nf6 3. g3 c6 4. Bg2 Bf5 5. 0-0 e6 6. c4 Be7 7. Nbd2 h6 8. b3 Nbd7 9. Bb2 Ne4 10. Ne1 0-0 11. Nxe4 Bxe4 12. f3 Bg6 13. Kh1 Nf6 14. Nd3 Qb6 15. c5 Qc7 16. Ne5 Bh7 17. Qd2 Nd7 18. Nxd7 Qxd7 19. Rac1 Bf6 20. Rcd1 Rfd8 21. e4 Be7 22. Qe3 Re8 23. Ba1 Bg6 24. Rde1 Bf6 25. e5 Be7 26. f4 b6 27. b4 a5 28. a3 axb4 29. axb4 Ra2 30. g4 Bh4 31. Re2 Rxe2 32. Qxe2 Ra8 33. cxb6 Bd8 34. b7 Qxb7 35. Bc3 Ra3 36. Qb2 Qa6 37. f5 Ra2 38. Qb1 Qe2 39. Rg1 exf5 40. gxf5 Bh5 41. Qf1 Bg5 42. Qxe2 Rxe2 43. Rb1 Rc2 44. Ba1 Be2 45. h3 Bf4 46. Re1 Kf8 47. Rb1 Bd3 48. Rd1 Bxf5 49. Rf1 g5 50. b5 cxb5 51. Bxd5 Bxh3 52. Rb1 Rc1+ 53. Rxc1 Bxc1 54. Bc6 b4 55. Kh2 Bf5 56. Bd5 Be6 57. Be4 Ba2 58. Kh3 b3 59. Bd5 b2 60. Bxb2 Bxb2 61. Bxa2 1/2-1/2

[Event "Pan American-ch U20 Girls"]
[White "Jaramillo Rivadeneira, Kerly Samantha"]
[Black "Ortiz Verdesoto, Anahi Eduarda"]
[Site "Guayaquil"]
[Round "4"]
[Result "0-1"]
[Date "2018.06.21"]
[WhiteElo "1699"]
[BlackElo "1974"]
[PlyCount "76"]
[EventDate "2018.06.19"]
[EventType "swiss"]
[EventRounds "9"]
[EventCountry "ECU"]
[SourceTitle "EXT 2019"]
[Source "ChessBase"]
[SourceDate "2018.10.10"]
[SourceVersion "1"]
[SourceVersionDate "2018.10.10"]
[SourceQuality "1"]

1. d4 Nf6 2. Nf3 e6 3. g3 b6 4. Bg2 Bb7 5. 0-0 c5 6. b3 cxd4 7. Qxd4 Nc6 8. Qd1 d5 9. Bb2 Be7 10. Nd4 Qc7 11. e3 0-0 12. Nd2 Rfd8 13. N2f3 Nxd4 14. exd4 Ne4 15. Re1 Rac8 16. Rc1 Nc3 17. Bxc3 Qxc3 18. Ne5 Ba3 19. Rb1 Qxc2 20. Qh5 Qf5 21. Qh4 Qf6 22. Qh5 Rc2 23. f4 Rdc8 24. Bh3 Bb4 25. Re2 Ba6 26. Rxc2 Rxc2 27. Qd1 Rc7 28. Rc1 Bc3 29. Kh1 Qe7 30. Rc2 Qb4 31. f5 exf5 32. Bxf5 g6 33. Bh3 Kg7 34. Ng4 Re7 35. Ne5 Qxd4 36. Qxd4 Bxd4 37. Nc6 Re1+ 38. Kg2 Bd3 0-1

[Event "Pan American-ch U20 Girls"]
[White "Jaramillo Rivadeneira, Kerly Samantha"]
[Black "Gomez Barrera, Javiera Belen"]
[Site "Guayaquil"]
[Round "1"]
[Result "1/2-1/2"]
[Date "2018.06.19"]
[WhiteElo "1699"]
[BlackElo "2129"]
[PlyCount "81"]
[EventDate "2018.06.19"]
[EventType "swiss"]
[EventRounds "9"]
[EventCountry "ECU"]
[SourceTitle "EXT 2019"]
[Source "ChessBase"]
[SourceDate "2018.10.10"]
[SourceVersion "1"]
[SourceVersionDate "2018.10.10"]
[SourceQuality "1"]

1. d4 Nf6 2. Nf3 g6 3. g3 Bg7 4. Bg2 d6 5. 0-0 0-0 6. b3 c5 7. Bb2 cxd4 8. Nxd4 e5 9. Nb5 Qd7 10. c4 Rd8 11. Qd2 a6 12. N5c3 Nc6 13. Rd1 Rb8 14. Nd5 Nxd5 15. Qxd5 Ne7 16. Qd2 b5 17. cxb5 axb5 18. Nc3 Bb7 19. Nd5 Bxd5 20. Bxd5 b4 21. Rac1 Nxd5 22. Qxd5 Rb5 23. Qd2 d5 24. Rc2 Rb7 25. Rc5 d4 26. Rc4 Qd6 27. e3 d3 28. e4 f5 29. exf5 gxf5 30. Qg5 Rf8 31. Qd2 Rd8 32. Qg5 Rf8 33. Qd2 e4 34. Bxg7 Kxg7 35. Rdc1 Qh6 36. Qb2+ Qf6 37. Qd2 Qh6 38. Qb2+ Qf6 39. Qd2 Qh6 40. Qb2+ Qf6 41. Qd2 1/2-1/2

[Event "South America-ch U20 Girls 13th"]
[White "Ichimura G Barbosa, Larissa Yuki"]
[Black "Jaramillo Rivadeneira, Kerly Samantha"]
[Site "Manta"]
[Round "2"]
[Result "0-1"]
[Date "2017.04.26"]
[WhiteElo "1957"]
[BlackElo "1791"]
[PlyCount "88"]
[EventDate "2017.04.25"]
[EventType "swiss"]
[EventRounds "9"]
[EventCountry "ECU"]
[SourceTitle "CBM 178 Extra"]
[Source "ChessBase"]
[SourceDate "2017.06.22"]
[SourceVersion "1"]
[SourceVersionDate "2017.06.22"]
[SourceQuality "1"]

1. e4 c5 2. Nf3 d6 3. d4 cxd4 4. Nxd4 Nf6 5. Nc3 a6 6. Be2 e6 7. a4 Nbd7 8. Nb3 Be7 9. Be3 b6 10. f4 Bb7 11. Bf3 0-0 12. 0-0 Rc8 13. Qd2 Qc7 14. g4 d5 15. e5 Ne4 16. Bxe4 dxe4 17. Rad1 Nc5 18. Nxc5 Bxc5 19. Bxc5 bxc5 20. Qe3 Rfd8 21. Rxd8+ Rxd8 22. Rd1 Rxd1+ 23. Nxd1 Qd8 24. Nc3 h6 25. Kf2 Qh4+ 26. Qg3 Qd8 27. h3 Qd2+ 28. Ne2 Qxc2 29. Qc3 Qxa4 30. Qxc5 Qb3 31. Qc3 Qd1 32. Nd4 Qh1 33. Ne2 a5 34. Qg3 Qb1 35. Qc3 Qh1 36. Qg3 Qd1 37. Qc3 Ba6 38. Qe3 Bxe2 39. Qxe2 Qd4+ 40. Ke1 e3 41. Qf3 Qd2+ 42. Kf1 Qc1+ 43. Ke2 Qxb2+ 44. Kxe3 Qc3+ 0-1

[Event "South America-ch U20 Girls 13th"]
[White "Jaramillo Rivadeneira, Kerly Samantha"]
[Black "Iza Mendoza, Nefthys Sayde"]
[Site "Manta"]
[Round "1"]
[Result "1-0"]
[Date "2017.04.25"]
[WhiteElo "1791"]
[BlackElo "1344"]
[PlyCount "101"]
[EventDate "2017.04.25"]
[EventType "swiss"]
[EventRounds "9"]
[EventCountry "ECU"]
[SourceTitle "CBM 178 Extra"]
[Source "ChessBase"]
[SourceDate "2017.06.22"]
[SourceVersion "1"]
[SourceVersionDate "2017.06.22"]
[SourceQuality "1"]

1. d4 Nf6 2. Nf3 g6 3. g3 Bg7 4. Bg2 0-0 5. 0-0 d6 6. b3 Nbd7 7. Bb2 c5 8. c4 cxd4 9. Nxd4 a6 10. Nc3 Nc5 11. e3 Bg4 12. Qd2 Qd7 13. b4 Ne6 14. Nd5 Nxd5 15. cxd5 Nxd4 16. Bxd4 Rac8 17. Bxg7 Kxg7 18. Rfc1 Bh3 19. Bxh3 Qxh3 20. Rc3 Qg4 21. a3 Qf5 22. Rac1 Rxc3 23. Qxc3+ Qf6 24. Qxf6+ Kxf6 25. e4 e6 26. dxe6 fxe6 27. f3 Rf7 28. Kf2 Ke5 29. Ke3 g5 30. Rc8 d5 31. exd5 exd5 32. Re8+ Kd6 33. Rg8 Re7+ 34. Kd4 h6 35. Rd8+ Kc6 36. Rxd5 Re2 37. Rc5+ Kd6 38. h4 gxh4 39. gxh4 Ra2 40. Rh5 Rxa3 41. Rxh6+ Kc7 42. Rf6 Ra1 43. h5 Rh1 44. h6 Rh5 45. Rf7+ Kc6 46. h7 b6 47. f4 Kb5 48. f5 Kxb4 49. f6 a5 50. Rg7 a4 51. f7 1-0

[Event "ECU pre olympic (Women)"]
[White "Jaramillo Rivadeneira, Kerly Samantha"]
[Black "Bosch Garcia, Jacqueline"]
[Site "Duran"]
[Round "7"]
[Result "1/2-1/2"]
[Date "2016.05.13"]
[WhiteElo "1669"]
[BlackElo "2082"]
[PlyCount "121"]
[EventDate "2016.05.09"]
[EventType "tourn"]
[EventRounds "11"]
[EventCountry "ECU"]
[SourceTitle "CBM 172 Extra"]
[Source "ChessBase"]
[SourceDate "2016.06.21"]
[SourceVersion "1"]
[SourceVersionDate "2016.06.21"]
[SourceQuality "1"]

1. e4 d6 2. d4 Nf6 3. Nc3 Nbd7 4. Nf3 e5 5. g4 c6 6. g5 Ng8 7. Be3 Be7 8. Bc4 Qc7 9. a4 Nb6 10. Bb3 Bg4 11. Rg1 Bh5 12. Rg3 Nd7 13. Qd2 h6 14. gxh6 gxh6 15. 0-0-0 0-0-0 16. Bc4 Kb8 17. Be2 Bg6 18. Ne1 Ngf6 19. f3 h5 20. d5 c5 21. Nb5 Qc8 22. b3 a6 23. Na3 Qc7 24. Nd3 Rdg8 25. Nb2 Bd8 26. Nbc4 Nb6 27. Nxb6 Qxb6 28. Nc4 Qc7 29. Kb2 Nd7 30. a5 Bh4 31. Rgg1 f5 32. exf5 Bxf5 33. f4 Bf6 34. Kb1 h4 35. fxe5 Bxe5 36. Bf4 Re8 37. Bg4 Bxg4 38. Rxg4 h3 39. Rg7 Ka7 40. Bxe5 dxe5 41. Nb6 Rd8 42. Qe3 Qd6 43. Nxd7 Rxd7 44. Rxd7 Qxd7 45. Qxc5+ Kb8 46. Qe3 Re8 47. Qe4 Qd6 48. Rd3 Qd7 49. Kb2 Qg7 50. Rxh3 Rc8 51. Rh7 Qf6 52. d6 Rc6 53. d7 Kc7 54. d8Q+ Kxd8 55. Qd5+ Ke8 56. Qd7+ Kf8 57. Qxb7 e4+ 58. Ka3 Qa1+ 59. Kb4 Qc3+ 60. Ka4 Qa1+ 61. Kb4 1/2-1/2